000 00369nam a2200133Ia 4500
008 220217s9999||||xx |||||||||||||| ||und||
020 _a81-7722-147-7
082 _a005.133 YAR
100 _aYarnold, Stuart
_92016
245 0 _aPc troubleshooting in easy steps
260 _aDrweam tech press
_bNew Delhi
_c2001
300 _b79
650 _aPROGRAMMING LANGUAGE
999 _c167931
_d167931